|
|
|
|
| LEADER |
00000nab a2200000 ar4500 |
| 001 |
vtls009004164 |
| 003 |
SK-MaSNL |
| 005 |
20260319071305.0 |
| 008 |
070622c2007 xo |||||||| 000 b|hun |
| 015 |
|
|
|a SNBRB2007/06
|2 snkbucl
|
| 038 |
|
|
|a SNKBUCL
|
| 040 |
|
|
|a DSZK
|b slo
|c DSZK
|e AACR2
|
| 041 |
0 |
|
|a hun
|
| 044 |
|
|
|a xo
|c SK
|
| 080 |
|
|
|a 265.4:282
|2 1997
|
| 080 |
|
|
|a 262.14:282
|2 1997
|
| 080 |
|
|
|a 282
|x (437.6)
|2 1997
|
| 100 |
1 |
|
|a Sranko, László
|4 aut
|9 1046978
|
| 245 |
1 |
0 |
|a Íme, most van itt a kellő idő
|n II.
|c Sranko László
|
| 300 |
|
|
|b Fotogr.
|
| 500 |
|
|
|a Dokončenie
|
| 610 |
2 |
7 |
|a Rímskokatolícka cirkev
|z Slovensko
|x kňazské svätenie
|2 snkbucl
|9 1057075
|
| 650 |
0 |
7 |
|a novokňazi
|x vysviacka
|2 snkbucl
|9 917693
|
| 650 |
0 |
7 |
|a kňazské svätenie
|2 snkbucl
|9 58371
|
| 773 |
0 |
|
|t Remény
|g Évf. XVIII, sz. 25 (2007), o. 8
|x 1335-6534
|
| 852 |
|
|
|a SNK
|b KIS3GCP
|
| 852 |
|
|
|a DSZK
|b KIS3GCP
|
| 958 |
|
|
|a HU
|
| 958 |
|
|
|a NT
|
| 999 |
|
|
|c 1751971
|d 1753901
|